Cities of Plymouth County, Iowa - Statistics

General Stats
  • This quiz has been taken 28 times
  • The average score is 9 of 12
Answer Stats
Cities % Correct
1 Le Mars
100%
3 Akron
75%
10 Craig
75%
5 Hinton
75%
4 Kingsley
75%
6 Merrill
75%
9 Oyens
75%
2 Remsen
75%
11 Struble
75%
8 Westfield
75%
12 Sioux City
50%
7 Brunsville
25%
No matching quizzes found
Score Distribution
Percent of People with Each Score
Percentile by Number Answered
Your Score History
You have not taken this quiz